书目信息 |
| 题名: |
组合积分法
|
|
| 作者: | 朱永银 , 郭文秀 著 | |
| 分册: | ||
| 出版信息: | 武汉 华中理工大学出版社 2002 |
|
| 页数: | 201页 | |
| 开本: | 20cm | |
| 丛书名: | ||
| 单 册: | ||
| 中图分类: | O172.2 | |
| 科图分类: | ||
| 主题词: | 积分学--高等学校--教学参考资料 , 积分学 | |
| 电子资源: | ||
| ISBN: | 7-5609-2827-7 | |
| 000 | 00885nam0 2200241 45 | |
| 001 | 010000004333 | |
| 005 | 20050919110923.14 | |
| 010 | @a7-5609-2827-7@dCNY10.00 | |
| 100 | @a20040410e20032002ekmy0chiy0120 ea | |
| 101 | 0 | @achi |
| 102 | @aCN@b420000 | |
| 105 | @ay z 000yy | |
| 200 | 1 | @a组合积分法@9zu he ji fen fa@f朱永银,郭文秀著@Fzhu yong yin,guo wen xiu zhu |
| 210 | @a武汉@c华中理工大学出版社@d2002@h2003重印 | |
| 215 | @a201页@d20cm | |
| 330 | @a本书介绍的积分领域中传统积分方法未曾涉及的一种新方法——组合积分法,内容包括三角函数有理式的积分、指数函数有理式的积分、双曲函数有理式的积分、一类无理函数的积分和组合积分法在其他方面的应用等5章。 | |
| 606 | 0 | @a积分学@x高等学校@j教学参考资料 |
| 606 | 0 | @a积分学 |
| 690 | @aO172.2@v4 | |
| 701 | 0 | @a朱永银@Azhu yong yin@4著 |
| 701 | 0 | @a郭文秀@Aguo wen xiu@4著 |
| 801 | 0 | @aCN@bTSSF@c20050919 |
| 905 | @a10447@dO172.2@e77 | |
| 组合积分法/朱永银,郭文秀著.-武汉:华中理工大学出版社,2002(2003重印) |
| 201页;20cm |
| ISBN 7-5609-2827-7:CNY10.00 |
| 本书介绍的积分领域中传统积分方法未曾涉及的一种新方法——组合积分法,内容包括三角函数有理式的积分、指数函数有理式的积分、双曲函数有理式的积分、一类无理函数的积分和组合积分法在其他方面的应用等5章。 |
| ● |
| 相关链接 |
|
|
|
|
正题名:组合积分法
索取号:O172.2/77
 
预约/预借
| 序号 | 登录号 | 条形码 | 馆藏地/架位号 | 状态 | 备注 |
| 1 | 0361751 | 3617517 | 第二样本阅览室/ [索取号:O172.2/77] | 在馆 | |
| 2 | 0361752 | 3617526 | 第三借阅区/ [索取号:O172.2/77] | 在馆 | |
| 3 | 0361753 | 3617535 | 第三借阅区/ [索取号:O172.2/77] | 在馆 | |
| 4 | 0361754 | 3617544 | 第三借阅区/ [索取号:O172.2/77] | 在馆 | |
| 5 | 0361755 | 3617553 | 第三借阅区/ [索取号:O172.2/77] | 在馆 | |
| 6 | 0361756 | 3617562 | 第三借阅区/ [索取号:O172.2/77] | 在馆 | |
| 7 | 0361757 | 3617571 | 第三借阅区/ [索取号:O172.2/77] | 在馆 | |
| 8 | 0361758 | 3617580 | 第三借阅区/ [索取号:O172.2/77] | 在馆 | |
| 9 | 0361759 | 3617599 | 第三借阅区/ [索取号:O172.2/77] | 在馆 | |
| 10 | 0361760 | 3617606 | 第三借阅区/ [索取号:O172.2/77] | 在馆 |